000 00355 a2200169 4500
001 194628
020 _a978-85-250-4302-3
040 _cMagnum
100 _aFerreira, Leila
240 1 0 _aMulheres
_lpor
245 1 0 _aMulheres
300 _a245
362 0 _a2007
440 1 _aEditora Globo
697 _aLITERATURA GERAL ESTRANGEIRA
942 _cBK
999 _c194628
_d194628